00322nam a2200121Ia 4500008004100000041000800041082001200049100001700061245004400078260004800122300002100170365000900191240624s9999 xx 000 0 und d aeng a338 KHA aKHANNA TARUN aBILLIONS OF ENTREPRENEURS HOW CHINA AND c2008aBostonbHarvard Business School Press a353 : p. : 24cm. cb30